000 00465nam a2200145Ia 4500
008 100204s9999 xx 000 0 und d
082 _b907
100 _aजोशी व. कृ.
245 _aअंधारातील घाव
260 _b"उदयदीप प्रकाशन , मुंबई"
_c1978
300 _a192
630 _aअंधारातील घाव
730 _aअंधारातील घाव
942 _cBOOK
999 _c446099
_d446096